| Поле | Инд. | ПП | Название | Значение |
|---|---|---|---|---|
| Тип записи | a | |||
| Библиографический уровень | m | |||
| 001 | Контрольный номер | RU/LIBMSTU/305371264 | ||
| 005 | Дата корректировки | 20250507124237.2 | ||
| 020 | 00 | c | Цена, тираж | 2000-00 |
| 084 | a | Индекс другой классификации/Индекс ББК | 66.63 | |
| 090 | x | Авторский знак | С 56 | |
| a | Полочн. индекс | 66.6 | ||
| 245 | 00 | a | Заглавие | Современная социал-демократия:Теория и практика |
| c | Ответственность | НИИВО-ИНИОН | ||
| 260 | 00 | a | Место издания | Москва |
| c | Дата издания | 1993 | ||
| 300 | 00 | a | Объем | 313 с. |
| 650 | 00 | a | Основная рубрика | Социал-демократия-Политические учения |
| 650 | _4 | a | Основная рубрика | Политические партии |
| 653 | 00 | a | Ключевые слова | Политические партии |
| a | Ключевые слова | Социал-демократия | ||
| 901 | t | Тип документа | m |